[Event "EU-ch 2nd"]
[Site "Ohrid"]
[Date "2001.06.14"]
[Round "13"]
[White "Stojanovski, Dejan"]
[Black "Golod, Vitali"]
[Result "0-1"]
[WhiteElo "2351"]
[BlackElo "2593"]
[Annotator "Golod,V"]
[PlyCount "60"]
[EventDate "2001.06.01"]
[EventType "swiss"]
[EventRounds "13"]
[EventCountry "YUG"]
[SourceTitle "CBM 084"]
[Source "ChessBase"]
[SourceDate "2001.09.13"]
[SourceVersion "1"]
[SourceVersionDate "2001.09.13"]
[SourceQuality "1"]

1. e4 {Lukacs} e5 2. Nf3 Nc6 3. d4 exd4 4. Bc4 Bc5 $5 {Only in morning,before
this game I have decided to prepare this variant.Before I always played:  4...
Nf6.} 5. c3 ({It is known that does not give advantage:} 5. Ng5) 5... Nf6 6.
O-O ({Main line is:} 6. cxd4 $5 Bb4+ 7. Nc3 Nxe4 8. O-O Bxc3 9. d5 Bf6 10. Re1
Ne7 11. Rxe4 d6 $13 {See comments to Fritz 6(Comp) -Anand,V/Frankfurt,1999/CBM
72 (1/2-1/2)(Luther,T)(65)}) 6... Nxe4 $1 {From my point of view,this move is
much more strong and more logical,than: 6... d3!? or 6... dxc3.} 7. cxd4 d5 {
'!' Lukacs. Lukacs: 'This old romantic line gives Black a comfortable game.'}
8. dxc5 $8 dxc4 9. Qe2 (9. Qxd8+ {Lukacs} Kxd8 $142 {is the safest way. White
has problems in the _|_ winning back the P, and his |^ is of temporary
character.} (9... Nxd8 {Lukacs is less impressive.} 10. Re1 f5 11. Ng5 (11. Nc3
{Lukacs} O-O 12. Nxe4 fxe4 13. Rxe4 Be6 14. Be3 Bd5 15. Re7 Rf7 $11 {parrying
all the threats, Okhotnik-Anand, Belgrade 1988.}) 11... O-O 12. Nxe4 fxe4 13.
Rxe4 (13. Nd2 {Lukacs} Ne6 14. Rxe4 Nxc5 15. Rxc4 Nd3 16. Nf3 c6 17. Rc3 Bf5
18. Nd4 Be4 19. Be3 Nxb2 20. Ne6 Rf6 21. Nc5 Bd5 22. Rb1 Nc4 23. Rxb7 Rg6 $11 {
Bhat-Akopian, Washington 1995}) 13... Be6 14. Nc3 Bf7 15. Bf4 Ne6 16. Be3 $14 {
Barczay-Karsa, Budapest 1980}) 10. Rd1+ (10. Ng5 {Lukacs} Nxg5 11. Bxg5+ f6 12.
Rd1+ (12. Bf4 {Lukacs} Nb4 13. Na3 (13. Nc3 {Lukacs} Nd3 14. Rad1 Bd7 15. Bg3
Nxc5 16. Rd4 Ne6 17. Rxc4 b5 18. Re4 Re8 19. Rd1 {- 12.Rd1}) 13... Nd3 14. Rfd1
(14. Rad1 {Lukacs} Bd7 15. Bg3 Nxb2 16. Rd4 Kc8 17. Rc1 Re8 18. f3 b5 $17 {
keeping the extra P, Gietl-Slobodjan, Gladenbach 1997.}) 14... Bd7 15. Bg3 Nxb2
16. Rd4 Kc8 17. Nxc4 (17. Rc1 {Lukacs - 14.Rad1}) 17... Nxc4 18. Rxc4 a5 19.
Re1 Re8 $15 {and White has again no real compensation for the sacrificed P,
Dumitrache-K.Georgiev, Athens 1992.}) 12... Bd7 13. Bf4 Nb4 14. Nc3 Nd3 {
Always this strong N solves Black's problems of development.} 15. Bg3 Nxc5 (
15... h5 $5 {Lukacs} 16. h4 Re8 $15) 16. Rd4 Ne6 17. Rxc4 b5 18. Re4 Re8 19.
Rd1 Kc8 20. Rde1 {(Blauert-Von Buelow, Germany 1998)} a6 $1 21. f4 (21. Rd1 {
Lukacs} Bc6) 21... Kb7 $15 {finishing the development with an extra P.}) (10.
Be3 {Lukacs} Be6) 10... Bd7 (10... Ke8 {Lukacs is not logical:} 11. Re1 f5 12.
Nc3) 11. Be3 (11. Na3 {Lukacs} c3 $1) (11. Ng5 {Lukacs} Nxg5 12. Bxg5+ Kc8 13.
Na3 Be6 14. Nb5 a6 15. Nd4 Nxd4 16. Rxd4 a5 17. Rad1 f6 18. Bd2 Ra6 $15 {
and despite of the ^- Black's extra P is of great importance because there are
also rooks on the board, Blauert-Hebden, London 1991.}) 11... Ke7 (11... Kc8 {
Lukacs} 12. Rc1 Be6 13. Na3 c3 14. bxc3 b6 15. Nd4 Bd7 16. f3 Nxc5 $13 {
Kopylov-Govbinder, corr. 1976}) 12. Na3 (12. Nbd2 {Lukacs} Nxd2 13. Nxd2 Be6
14. Rdc1 Na5 {Black is not willing to give back the P without a fight!} 15. Bf4
Rac8 16. Nf3 Rhd8 17. Rd1 b6 $15 {Ramus Suria-Sorin, Sevilla 1989}) (12. Rc1 {
Lukacs} Be6 13. Na3 Rhd8 14. Nxc4 Rd5 15. Ncd2 Nxd2 16. Nxd2 Rad8 {and only
Black can be better, B.Stein-Moen, Gausdal 1986.}) 12... c3 $5 (12... Be6 {
Lukacs} 13. Nb5 Rhc8 $5 14. Ng5 (14. Bf4 {Lukacs} Nxc5 15. Bxc7 Nd3 {The N is
strong again!} 16. Bd6+ Kd7 17. Ba3 Bg4 $15) (14. Nfd4 {Lukacs} Nxd4 15. Bxd4
a6 $15) 14... Nxg5 15. Bxg5+ f6 16. Bf4 Ne5 17. Bxe5 fxe5 18. Re1 a6 $1 (18...
Kf6 {Lukacs} 19. Re3 $1 $44) 19. Nc3 Kf7 20. Rxe5 Re8 21. Rae1 Rad8 22. f4 g6
23. h3 Rd3 $11 {Kisova-Kachiani, Antwerp 1992}) 13. bxc3 Nxc3 14. Rd3 Ne4 15.
Re1 Be6 {(Honfi-Sax, Hungary 1970)} 16. Ng5 $5 (16. Bg5+ {Lukacs} Nxg5 17. Nxg5
Rad8 18. Rf3 Rhf8 19. Nxh7 {wins back the P, but the loses the |^.} Nd4 20.
Rfe3 Rh8 21. Ng5 Rh5 $15) (16. Nd4 {Lukacs} Rhd8 $1 $15 (16... Nxd4 $2 {Lukacs}
17. Bxd4 $14 {Estrin})) 16... Nxg5 17. Bxg5+ Kf8 (17... f6 $6 {Lukacs only
weakens the e <->.} 18. Nb5 Rac8 19. Bf4 $14 {Andreev-Aleksandrov, Podolsk 1990
}) 18. Nb5 Rc8 $15) 9... Qe7 $1 {Differently,superfluous pawn is not kept. For
example:} (9... Qd3 $6 10. Re1 (10. Qxd3 {Lukacs} cxd3 11. Re1 f5 12. Ng5 O-O
13. Nxe4 fxe4 14. Rxe4 Bf5 $17 {and the strong o^ on d3 will remain,
Strejc-Posta, Svetla 1994.}) 10... f5 (10... Bf5 $2 11. Qxd3 cxd3 12. Nbd2 $16
{[%csl Re4]}) (10... Qxe2 $6 11. Rxe2 $140 Bf5 $4 (11... f5 $142 12. Nc3 O-O
13. Nxe4 fxe4 14. Rxe4 $14 {Schulte,S-Koegel,U/Neumuenster,1999 (1-0) (46)})
12. g4 $1 {[%csl Rg1,Yg2][%cal Yg1g2]} (12. Nc3 $2 O-O-O $1 {[%csl Rg1]} 13.
Nxe4 Rd1+ 14. Ne1 (14. Re1 Rxe1+ 15. Nxe1 Bxe4 $17) 14... Nd4 15. Kf1 (15. Re3
$2 Bxe4 $1 (15... Nc2 $143 16. Nc3 Rxe1+ 17. Rxe1 Nxe1 $17) 16. Rxe4 Nc2 $19)
15... Nxe2 16. Kxe2 Rxe1+ 17. Kxe1 Bxe4 $17) 12... O-O-O (12... Bg6 $2 13. Nbd2
O-O-O 14. Nxe4 h5 15. g5 $18 {Vasic,P-Mikac,M/Portoroz,1997(1-0)(23)}) 13. gxf5
Nxc5 14. Nc3 $16) 11. Nc3 (11. Bf4 {Lukacs} O-O 12. Bxc7 Nxc5 $13) (11. Nbd2 {
Lukacs} O-O 12. Nxc4 (12. Qxd3 {Lukacs} cxd3 13. Nxe4 fxe4 14. Rxe4 Bf5 $15)
12... Nxc5 $15) 11... O-O 12. Nxe4 fxe4 13. Qxe4 Bf5 $11 {See comments to game:
Biolek,R-Keitlinghaus,L/Ostrava,1993/CBM 38(1-0)(Schussler,H)(61)} 14. Qh4 (14.
Qxd3 {Lukacs} cxd3 {again creates a dangerous o^.} 15. Bd2 Rad8 $15 {
Heimrath-Aleksandrov, Bad Wiessee 1999}) (14. Qf4 {Lukacs} Bg6 $1 15. Qg3 (15.
Qxc7 $6 {Lukacs} Rxf3 16. gxf3 Nd4 $15) 15... Bh5 $15 (15... Nb4 $6 {Lukacs is
less impressive:} 16. Bg5 Nc2 17. Red1 $1 $14 {Perez Pietronave-Sorin, Buenos
Aires 1993} (17. Rad1 {Lukacs} Nxe1))) 14... Rae8 $1 15. Bf4 $1 (15. Be3 {
Lukacs} Re4 {chasing the Q.}) (15. Bg5 {Lukacs} Re4 16. Rxe4 Bxe4 17. Nd2 Bd5
$15 {Susterman-Macianos, Marijampole 1996}) 15... c3 $5 (15... Qd5 {Lukacs -
Biolek-Keitlinghaus, Ostrava 1993 CBM 38}) (15... Qd7 $11 {Lukacs Schussler})
16. bxc3 Qxc3 17. Bxc7 Qxc5 18. Qg3 Qd5 19. a3 Re6 $11 {Greet-Varley, England,
2000}) 10. Qxc4 {'!' Lukacs.} (10. Re1 {Lukacs} Nxc5 11. Qxc4 Be6 $15) 10...
Nxc5 {It would not be desirable to agree on a drawn game for the following
reasons: 1) it was necessary to collect 50 % in tournament; 2) my contender
had small rating; 3) I liked my position.  '?!' Lukacs. Lukacs: 'This gives
White the possibility to gain some vital tempi.'} (10... f5 $5 {Lukacs}) 11. b4
({It deserves attention:} 11. Be3 Ne6 $140 12. Nc3 $44 {[%csl Re7][%cal Gc3d5]}
) (11. b3 $5 {Lukacs} Be6 12. Qc3 f5 $1 {creating a stronghold on e4 in order
to close the e <->.} (12... O-O {Lukacs runs into the pin after} 13. Ba3 b6 14.
b4 $16) 13. Ba3 Ne4 14. Qxc6+ bxc6 15. Bxe7 Kxe7 16. Nd4 Bd7 17. f3 Nd6 $11) (
11. Bg5 {Lukacs} f6 12. Be3 Ne6 13. Nc3 O-O $15 {Baird-Marco, Vienna 1998})
11... Ne6 12. Ba3 {[%csl Ga3,Rc6,Re7][%cal Gb4b5] '?!' Lukacs.} (12. b5 $143
Na5 $1 (12... Qb4 $6 {'!?' Lukacs.} 13. Qe2 Ncd4 (13... Ne7 {Lukacs} 14. Ba3
Qg4 15. Nc3 O-O 16. h3 (16. Bxe7 $4 {Lukacs} Nf4 $19) 16... Qg6 17. Rfe1 Nf4
18. Qf1 Bxh3 (18... Nxh3+ {Lukacs} 19. Kh1) 19. Nh4 $1 $16) 14. Nxd4 Qxd4 15.
Bb2 Qd5 16. Bxg7 Rg8 17. Qe5 $13 {Borm,F-Teeuwen,J/Roosendaal,1983(1-0)(31)}) (
12... Ncd8 {Lukacs} 13. Ba3 Qf6 14. Nc3 $44) 13. Qd5 (13. Qa4 $143 b6 14. Bd2
Bb7 $17) 13... c6 14. bxc6 Nxc6 15. Ba3 Qd8 16. Qc4 Ne7 17. Qb4 a5 18. Qh4 b5
$17 {[%cal Gb5b4] Voracek,M-Vanek,T/Svetla,1994(0-1)(42)}) 12... a5 $1 $146 ({
Was checked in the previous game:} 12... Qf6 $6 13. Nc3 (13. b5 $5 $44) 13...
Ncd4 $15 {Spielmann,R-Johner,P/Karlsbad,1907(1-0)(21)} 14. b5 Nxf3+ 15. gxf3
Bd7 $1 {/\ 0-0-0 and the K can escape!} (15... Qd4 {Lukacs} 16. Qb3 Nf4 $5 (
16... Nc5 $2 {Lukacs} 17. Qc2 Bh3 (17... Ne6 {Lukacs} 18. Rad1 $44) 18. Ne2 Qf6
19. Qxc5 O-O-O 20. Rfc1 $18 {Spielmann-Johner, Karlsbad 1907}) 17. Rad1 Qf6 18.
Rfe1+ Be6 19. Ne4 Qg6+ 20. Ng3 {and the black K remains in the middle of the
board.})) ({missing the highly tactical} 12... Ng5 $1 {Lukacs} 13. Nxg5 (13.
Nbd2 {Lukacs} Nxf3+ 14. Nxf3 O-O) 13... Qxg5 14. b5 Be6 $15) 13. b5 ({Pretty
dubious:} 13. bxa5 {in view of:} Nxa5 {'!' Lukacs.} (13... Qf6 {Lukacs} 14. Nc3
Rxa5 15. Nb5 Na7 16. Nxc7+ Nxc7 17. Bb4 $1 Rb5 18. Qxc7 Rxb4 19. Rfe1+ Be6 20.
Qb8+ Qd8 21. Qxa7 O-O $11) 14. Qe2 $140 (14. Qc3 {Lukacs} c5) 14... c5 {=/+/-/+
} (14... Qf6 {Lukacs} 15. Bb2 Qe7 16. Ba3 $11 {only with repetition of moves.}
(16. Nc3 {Lukacs} O-O 17. Nd5 Qc5 $17))) 13... Nb4 14. Nc3 {[%csl Ga3,Re7]
[%cal Gc3d5]} Qc5 $1 {[]} 15. Qxc5 Nxc5 16. Bxb4 ({Is a possible continuation
of the play:} 16. Rfe1+ Ne6 17. Bxb4 axb4 18. Nd5 O-O 19. Nxb4 Rd8 {=/=/+})
16... axb4 17. Nd5 Ne6 {[%csl Rc7,Ye6][%cal Ye6c7] /\0-0} ({Senselessly:} 17...
O-O 18. Nxc7 Ra3 19. Nd5 $11 (19. Rfb1 $143 Nd3 20. Nd5 Rd8 21. Nxb4 Nxb4 22.
Rxb4 Rxa2 {[%csl Rg1] =/=/+})) 18. Nxb4 ({Weakly:} 18. Rfc1 O-O $140 19. Nxc7
Nxc7 20. Rxc7 Be6 {[%csl Ra2,Gb4][%cal Gb4b3]}) 18... O-O {Lukacs: 'White has
got back the P, but Black had time to finish his development.'} 19. Nd5 $6 {
[%mdl 16384] Not the best decision. Lukacs: 'White is pushing too hard.'} ({
Can be recommended:} 19. a4) ({or} 19. Rfd1) 19... Rd8 20. Rfd1 ({After:} 20.
Ne7+ Kf8 21. Nxc8 Rdxc8 {[%csl Ra2,Rb5] I save a positional advantage.}) 20...
Kf8 {Almost all my figures occupy ideal positions. It is necessary only to
deduce the bishop on "b7". '=/+' Lukacs.} 21. h3 $6 {[%mdl 16384] The next
senseless move and loss of the important tempo. Lukacs: 'White is on the wrong
track.'} (21. Rd2 $5 {[%csl Rd8][%cal Gd5c7,Yf3d2]} Bd7 (21... b6 $4 22. Nxc7
Rxd2 23. Nxa8 Rd6 {[%csl Ra8][%cal Gc8b7]} 24. Ne5 $16 {[%csl Rb6][%cal Ge5c4]}
) 22. b6 $1 $15 Bc6 23. Nxc7 $11) 21... b6 {'!' Lukacs.} 22. Rac1 (22. Ne5 {
Lukacs} Bb7 $17) 22... Bb7 $1 {Lukacs: 'and the N has to leave the [+], after
which material losses are inevitable.'} ({In my opinion,it was worse to win
the pawn right away.} 22... Rxa2 23. Nxc7 Rxd1+ 24. Rxd1 Nxc7 25. Rd8+ Ke7 26.
Rxc8 Nxb5 27. Rb8 Ra6 28. Ng5 Nd6 {=/+/-/+}) 23. Nb4 $6 ({More stubborn
resistance after:} 23. Nc3 Rxd1+ 24. Rxd1 Ra3 25. Rc1 Nf4 $1 $17) 23... Rxd1+
24. Rxd1 Bxf3 25. gxf3 Ra5 $1 ({Much worse is:} 25... Ra4 {in view of:} 26. Na6
Rxa2 $140 27. Rc1 Nd4 (27... Ra5 $144 28. Nxc7 Nxc7 29. Rxc7 Rxb5 {[%csl Rf2,
Rf3,Rh3] -/+/-+}) (27... c5 $144 28. bxc6 Rxa6 29. c7 Nxc7 30. Rxc7 {[%csl Rf2,
Rf3,Rh3] -/+/-+}) 28. Kg2 Nxb5 29. Nxc7 Nxc7 30. Rxc7 {[%csl Rf2,Rf3,Rh3] -/+/
-+}) 26. Rd5 $140 (26. a4 Rxa4 27. Nc6 Ke8 $19 {[%csl Rb5,Rf2,Rf3,Rh3]}) 26...
Ra4 {[%csl Ra2,Yb4][%cal Rb4a2,Ga4a2,Ga4b4] The material losses are inevitable.
} 27. Nc6 Rxa2 28. f4 Rc2 $1 {[%cal Gc2c5]} 29. Rd7 (29. f5 $142 Rc5 $1 (29...
Rc1+ $2 30. Kh2 Rc5 31. Nb4 Nf4 32. Rxc5 bxc5 33. Na6 $17 {[%csl Rc5,Rc7]}) 30.
Nb4 (30. Rxc5 Nxc5 $19) 30... Nf4 $1 31. Rxc5 (31. Rd8+ $143 Ke7 $140 32. Nc6+
$4 Rxc6 33. bxc6 Kxd8) 31... bxc5 32. Na6 c4 {[%csl Rg1][%cal Gc4c3,Gc3c2,
Gc2c1]} 33. Kf1 Nd5 {[%csl Yd5]} 34. Nc5 Ke7 35. Ne4 Nf6 $19) 29... Rc5 {
[%csl Rb5]} 30. Ne5 Ke8 {[%csl Rd7,Ye5][%cal Gc5e5] Further resistance is
impossible.} (30... Ke8 31. Rd1 (31. Rxf7 $2 Rxe5 $19 {[%csl Rf7]}) 31... Rxb5
$19) 0-1

[Event "Heusenstamm Schloss op-A 5th"]
[Site "Heusenstamm"]
[Date "2018.11.24"]
[Round "5"]
[White "Zuyev, Igor"]
[Black "Pap, Misa"]
[Result "0-1"]
[WhiteElo "2435"]
[BlackElo "2473"]
[Annotator "Gutman,L"]
[PlyCount "58"]
[EventDate "2018.11.22"]
[EventType "swiss"]
[EventRounds "7"]
[EventCountry "GER"]
[SourceTitle "EXT 2020"]
[Source "ChessBase"]
[SourceDate "2019.10.17"]
[SourceVersion "1"]
[SourceVersionDate "2019.10.17"]
[SourceQuality "1"]

{[%evp 0,58,20,13,13,8,26,26,26,-5,-22,-34,-47,-82,-72,-72,-16,-20,-20,-37,-21,
-18,-21,9,9,10,-19,-17,-17,-49,-49,-78,-52,-44,-21,-17,-25,-61,-32,-58,-69,-63,
-69,-63,-73,-60,-65,-64,-80,-63,-103,-47,-5,-12,-66,-82,-65,-168,21,-49,-288]} 
1. e4 e5 2. Nf3 Nc6 3. d4 exd4 4. Bc4 Nf6 5. e5 d5 6. Bb5 Ne4 7. Nxd4 Bc5 8.
Be3 {Etwas überraschende Eröffnungswahl - Zweispringerspiel gegen einen der
Experten in der Variante.} Bd7 (8... O-O $5 9. Nxc6 bxc6 10. Bxc5 Nxc5 11. Bxc6
Rb8 12. Qxd5 (12. O-O Rxb2 (12... Ba6 13. Re1 Rxb2 14. Qd4 Rxc2 15. Na3 Nb3 16.
Qa4 Nxa1 17. Nxc2 Nxc2 18. Qxc2 Bc4 19. Rd1 $11) 13. Qxd5 Qxd5 14. Bxd5 Rxc2
15. Na3 Re2 16. Rac1 Nd3 17. Rxc7 Be6 18. Bb3 a5 19. Ra7 Bxb3 20. axb3 Rxe5 21.
Nc4 Rb5 $11 {Nakamura-Onischuk, USA ch Saint Louis 2015}) 12... Qe7 13. O-O
Rxb2 14. Qd4 (14. Nc3 Rd8 $11 {Westerberg-Heimann, Skopje 2015}) 14... Rxc2 (
14... Rb6 $5 15. Bf3 Rd8 16. Qc3 Na4 17. Qa3 Qb4 18. Qxb4 Rxb4 19. Na3 Ba6 $11
{Kristensen-Hector, Copenhagen 2017}) 15. Nc3 Be6 16. Rfd1 $14 {Pap-Nagy,
Boeblingen 2017}) 9. Bxc6 bxc6 10. Nd2 (10. O-O $5 {ist üblich}) 10... Qh4 $5 (
10... Qe7 11. Nxe4 dxe4 12. e6 fxe6 13. Qh5+ g6 14. Qe5 $16 {Turov-Demchenko,
Maikop 2004}) (10... Nxd2 11. Qxd2 Qe7 12. Nb3 Bb6 13. Qc3 O-O 14. O-O $14 {
Pap-Todorovic, Backa Palanka 2002}) 11. O-O (11. N4f3 Qe7 12. Bxc5 Nxc5 13. O-O
O-O 14. Qe1 Ne6 15. c4 d4 16. Ne4 c5 $15 {Trent-Hebden, Blackpool 2005}) 11...
Bb6 12. N2b3 (12. c3 O-O 13. f3 Nxd2 14. Qxd2 c5 15. Nb3 c4 16. Nc5 (16. Bxb6
axb6 17. Qxd5 Be6 18. Qd4 Qh6 $17 {Tolnai-Portish, HUN chT 1987/88}) 16... Be6
(16... Bc6 17. Bd4 Rfe8 18. f4 Qe7 19. Qf2 $14 {Maszota-Zawadska, POL chU 18
Krynica 2003}) 17. f4 Qe7 18. Qf2 Bf5 $11) 12... Qe7 13. a4 (13. Re1 O-O 14. f3
c5 $5 (14... Nc5 15. Nxc5 Bxc5 16. Nb3 Bb6 17. Qd2 Rae8 18. a4 f6 19. e6 Bxe6
20. a5 Bxe3+ 21. Qxe3 Qb4 22. Qxa7 $14 {Nakamura-Hebden, Gibraltar 2008}) 15.
fxe4 cxd4 16. Bxd4 c5 17. Nxc5 Bxc5 18. exd5 Rfc8 19. c3 Rab8 20. b3 a5 $15 {
Nowak-Daurelle, email 2010}) 13... a5 14. f4 $2 (14. Re1 O-O 15. f3 Ng5 (15...
c5 16. Nb5 d4 17. Bc1 Ng5 18. Nd2 Ne6 $11) 16. Qd2 h6 17. Ne2 Ne6 18. f4 Qb4
$11) 14... O-O 15. Qe2 c5 16. Nf3 f5 17. Nbd2 Be6 (17... Bc6 $5 18. Bf2 Qe6 19.
c3 h6 $17) 18. Bf2 (18. c3 h6 19. Rfd1 Rad8 20. Kh1 Qe8 $17) 18... h6 19. Rfe1
c6 20. Nh4 Qf7 21. Nhf3 Rab8 22. Rab1 Ba7 (22... Qh5 23. Be3 g5 $17) 23. Nb3
Qc7 (23... Rb4 $17) 24. Nfd2 Nxf2 25. Qxf2 d4 26. h3 $2 (26. Kh1 Rfd8 $17)
26... Rfd8 27. c4 dxc3 28. bxc3 Bxb3 29. Nxb3 Rxb3 0-1

[Event "Bayern-chI Bank Hofmann 14th"]
[Site "Bad Wiessee"]
[Date "2010.11.01"]
[Round "4"]
[White "Pirrot, Dieter"]
[Black "Graf, Alexander"]
[Result "1-0"]
[WhiteElo "2403"]
[BlackElo "2606"]
[Annotator "Gutman,L"]
[PlyCount "49"]
[EventDate "2010.10.30"]
[EventType "swiss"]
[EventRounds "9"]
[EventCountry "GER"]
[SourceTitle "EXT 2011"]
[Source "ChessBase"]
[SourceDate "2010.11.26"]
[SourceVersion "1"]
[SourceVersionDate "2010.11.26"]
[SourceQuality "1"]

1. e4 e5 2. Nf3 Nc6 3. Bc4 Nf6 4. d4 exd4 5. e5 d5 ({Nigel Davies empfehlt in
seinem "Play 1.e4 e5!"} 5... Ne4 $5 {als einfacher}) 6. Bb5 Ne4 7. Nxd4 Bd7 ({
John Emms, "Play the open games as Black", favorisiert das aggressivere} 7...
Bc5 $5) 8. Bxc6 bxc6 9. O-O Be7 ({Und auch hier wird von Emms} 9... Bc5 {
empfohlen.}) 10. f3 Nc5 11. f4 Ne4 12. Nc3 Nxc3 13. bxc3 c5 14. Ne2 O-O 15. f5
Re8 $6 ({Zum Ausgleich reichte} 15... Bb5 16. Rf3 Re8 17. Nf4 Bg5 $11) 16. a4 (
{Weiß verzichtet auf} 16. Qxd5 {wegen 16...} Bb5 17. Qe4 Bf6 18. Bf4 Bxe5 19.
Bxe5 Qe7 $11) 16... Bc8 $2 ({Alexander Graf unterschätzt das weiße
Angriffspotenzial. Notwendig war} 16... c6 17. Ng3 Bg5 18. Re1 h6 $11 {mit
etwa gleichen Chancen.}) 17. Ng3 Bf8 18. Bf4 Qd7 19. Qg4 Rb8 ({Auch} 19... Kh8
20. Rae1 Ba6 21. e6 fxe6 22. fxe6 Qxa4 23. Rf2 Qc4 24. Qf3 $16 {erscheint
ziemlich trostlos für Schwarz.}) 20. Rae1 Rb6 21. h3 Qxa4 ({Etwas hartnäckiger
war} 21... Kh8 22. a5 Ra6 23. Bd2 Qb5 24. e6 $16 {mit weißem Angriff.}) 22. e6
fxe6 ({Auf} 22... Re7 {käme} 23. f6 Rexe6 24. fxg7 Be7 25. Nf5 $16) 23. f6 e5
24. f7+ Kxf7 25. Bxe5+ 1-0

[Event "Zhong Hong Real Estate Cup"]
[Site "Beijing"]
[Date "2001.07.27"]
[Round "8"]
[White "Zhang, Pengxiang"]
[Black "Datu, Idelfonso"]
[Result "1-0"]
[WhiteElo "2487"]
[BlackElo "2445"]
[Annotator "Hecht,H"]
[PlyCount "157"]
[EventDate "2001.07.20"]
[EventType "tourn"]
[EventRounds "11"]
[EventCountry "CHN"]
[EventCategory "10"]
[SourceTitle "CBM 085"]
[Source "ChessBase"]
[SourceDate "2001.11.13"]
[SourceVersion "1"]
[SourceVersionDate "2001.11.13"]
[SourceQuality "1"]

1. e4 e5 2. Nf3 Nc6 3. Bc4 Nf6 4. d4 exd4 5. e5 d5 6. Bb5 Ne4 7. Nxd4 Bc5 8.
Be3 O-O 9. Nxc6 bxc6 10. Bxc5 Nxc5 11. Bxc6 Rb8 12. O-O Rxb2 13. Bxd5 Bf5 14.
Na3 Bd3 15. Bxf7+ Rxf7 16. cxd3 Qd4 17. Nc2 Qxd3 18. Rc1 Qxd1 19. Rfxd1 Ne6 20.
a3 Rf5 21. Rd5 Rf4 22. g3 Rc4 23. Rd2 g5 24. Kg2 Rc5 25. Kf1 Rxe5 26. Rcd1 Rc5
27. Nb4 Rxd2 28. Rxd2 a5 29. Nd5 Kf7 30. Kg2 Rc4 31. Ne3 Rd4 32. Rb2 Rd3 33.
Nc4 Rc3 34. Nxa5 Rxa3 35. Nc4 Rc3 36. Ne3 Rd3 37. Kf3 Rd4 38. h3 Kf6 39. Ra2
Rd7 40. Ra6 Rd6 41. Ra2 Kg6 42. Ke4 Nc5+ 43. Kf3 Rf6+ 44. Kg2 Rd6 45. Ra7 Ne6
46. Kf3 h5 47. Ra5 Nd4+ 48. Kg2 Ne6 49. h4 g4 50. Re5 c5 51. Kf1 Ra6 52. Ke1
Ra1+ 53. Kd2 Ra2+ 54. Kd3 Ng7 55. Nd1 Ra1 56. Nc3 Ra5 57. Kc4 Ra1 58. Rg5+ Kh6
59. Rxc5 Rf1 60. Ne4 Rc1+ 61. Kd5 Rxc5+ 62. Nxc5 {[#] Festgelegte Bauern auf
einem Flügel mit der seriösen Schwäche h5.} Kg6 63. Ne6 Nf5 64. Nf4+ Kh6 {
[%csl Rh5]} 65. Ke5 Ne7 66. Kf6 Nc8 67. Ke6 Nb6 68. Nd3 Nc4 69. Ne5 Nb2 (69...
Nd2 70. Kf5 $1 Nb1 71. Kf6 Nc3 72. Nf7+ Kh7 73. Kg5 Ne4+ 74. Kxh5 Nxf2 75. Ne5
$18) 70. Kf6 Nd1 71. Nf7+ Kh7 72. Ng5+ (72. Kg5 Nxf2 73. Kxh5 Kg7 74. Ne5 $18)
72... Kh6 73. Ne4 Nb2 74. Nd6 Nd3 75. Nf5+ Kh7 76. Kg5 Nxf2 77. Kxh5 Kh8 78.
Kg5 Kh7 79. Ne3 1-0

[Event "Budapest Utasellato IM"]
[Site "Budapest"]
[Date "1988.10.28"]
[Round "7"]
[White "Honfi, Karoly"]
[Black "Gschnitzer, Oswald"]
[Result "1/2-1/2"]
[WhiteElo "2380"]
[BlackElo "2365"]
[Annotator "Honfi"]
[PlyCount "61"]
[EventDate "1988.10.22"]
[EventType "tourn"]
[EventRounds "11"]
[EventCountry "HUN"]
[EventCategory "3"]
[SourceTitle "EXT 2020"]
[Source "ChessBase"]
[SourceDate "2019.10.17"]
[SourceVersion "1"]
[SourceVersionDate "2019.10.17"]
[SourceQuality "1"]

1. e4 e5 2. Nf3 Nc6 3. Bc4 Nf6 4. d4 exd4 5. e5 d5 6. Bb5 Ne4 7. Nxd4 Bd7 8.
Bxc6 bxc6 9. O-O Bc5 10. Be3 O-O 11. f3 Ng5 12. Qd2 Bxd4 13. Bxd4 Ne6 14. Nc3
c5 15. Bf2 Bc6 16. Rfe1 d4 17. Ne2 f6 18. Nf4 Qd7 19. Nxe6 Qxe6 20. exf6 Qxf6
21. Bg3 Rae8 22. Bxc7 (22. Qa5 $1) 22... Qg6 23. Bg3 h5 24. b4 Bxf3 25. Rxe8
Rxe8 26. gxf3 h4 27. Re1 Rxe1+ 28. Qxe1 hxg3 29. hxg3 cxb4 30. g4 Qxc2 31. Qe8+
1/2-1/2

[Event "CRO-ch 12th"]
[Site "Opatija"]
[Date "2012.01.19"]
[Round "3"]
[White "Zelcic, Robert"]
[Black "Bosiocic, Marin"]
[Result "0-1"]
[WhiteElo "2558"]
[BlackElo "2580"]
[Annotator "Let's Check"]
[PlyCount "80"]
[EventDate "2012.01.17"]
[EventType "tourn"]
[EventRounds "11"]
[EventCountry "CRO"]
[EventCategory "13"]
[SourceTitle "CBM 147"]
[Source "ChessBase"]
[SourceDate "2012.03.16"]
[SourceVersion "1"]
[SourceVersionDate "2012.03.16"]
[SourceQuality "1"]

1. e4 e5 2. Nf3 Nc6 3. Bc4 Bc5 4. O-O Nf6 5. d4 exd4 6. e5 d5 7. exf6 dxc4 8.
fxg7 Rg8 9. Bg5 Qd5 $2 (9... Be7 10. Re1 Be6 $11) 10. Nc3 $1 $18 Qf5 11. Ne4 $5
Rxg7 12. Nh4 $2 (12. Re1 Kf8 13. Bh6 $18) 12... Qxe4 $16 13. Re1 Qxe1+ 14.
Qxe1+ Be6 15. Nf3 Rg6 16. Bh4 Kd7 17. Ne5+ Nxe5 18. Qxe5 Bb6 19. Rd1 $2 (19. a4
a6 20. a5 $18) 19... Rag8 20. Bg3 Kc8 21. Kf1 Rg5 22. Qf4 h5 23. f3 Rf5 24. Qe4
Rd8 25. Be5 Rd5 26. Bf4 Rd8 27. h4 $6 (27. Be5 c3 28. bxc3 $11) 27... Ra5 $6 (
27... Re8 28. Re1 Bd7 $19) 28. Bg5 $11 Rdd5 29. Qh7 Rxa2 30. Qh8+ Kd7 31. Qd8+
Kc6 32. Qe8+ Bd7 33. Qe2 $6 (33. Qxf7 Rxb2 34. Be7 $11) 33... Bc5 34. Bc1 Kb6
35. g4 hxg4 36. fxg4 Bb5 37. Qe4 $2 (37. c3 c6 38. Rd2) 37... c3+ $19 38. Kg1
cxb2 $5 39. Bxb2 d3+ 40. Kh2 dxc2 $1 0-1